000 00262nam a2200109Ia 4500
008 200302s9999 xx 000 0 und d
100 _aSilvio cassara
245 _aRichard Meier Recent Works
260 _bUniverse Publishing
260 _c2004
300 _a175 P.,
999 _c4303
_d4303